| 000 | 00412 a2200157 4500 | ||
|---|---|---|---|
| 003 | Nust | ||
| 005 | 20170207153551.0 | ||
| 040 | _cNust | ||
| 082 | _a005.1 | ||
| 100 | _aKhan, Tariq Haider MSCS | ||
| 245 |
_aA web based complaints monitoring and management information system _cTariq Haider Khan, MSCS |
||
| 260 |
_bMCS _cMay 2001 |
||
| 300 | _aix, 157 p | ||
| 538 | _aAlmirah No 69 Shelf No 5 | ||
| 650 | _aMSCS Thesis | ||
| 942 | _cTHS | ||
| 999 |
_c188844 _d188844 |
||